000
00310nam a22001337a 4500
003
OSt
005
20170105103447.0
008
131204t xxu||||| |||| 00| 0 eng d
022
_2
978-1-4051-3603-7
040
_c
ASAB
100
_a
Peter J. Delves
_9
384
245
_a
Roitt's Essential Immunology
942
_2
ddc
_c
BK
999
_c
16655
_d
16655